<?xml version="1.0" encoding="UTF-8"?>
<record
    xmlns:xsi="http://www.w3.org/2001/XMLSchema-instance"
    xsi:schemaLocation="http://www.loc.gov/MARC21/slim http://www.loc.gov/standards/marcxml/schema/MARC21slim.xsd"
    xmlns="http://www.loc.gov/MARC21/slim">

  <leader>01413nam1a22002531i 4500</leader>
  <controlfield tag="001">v19\rc\2012063</controlfield>
  <controlfield tag="005">20240726024653.0</controlfield>
  <datafield tag="035" ind1=" " ind2=" ">
    <subfield code="a">(NLR Aleph) 005093760</subfield>
  </datafield>
  <datafield tag="090" ind1=" " ind2=" ">
    <subfield code="a">7324083</subfield>
    <subfield code="c">7324083</subfield>
  </datafield>
  <datafield tag="100" ind1=" " ind2=" ">
    <subfield code="a">20080925g19011917|||y0rusy50      ca</subfield>
  </datafield>
  <datafield tag="101" ind1="0" ind2=" ">
    <subfield code="a">rus</subfield>
  </datafield>
  <datafield tag="102" ind1=" " ind2=" ">
    <subfield code="a">RU</subfield>
  </datafield>
  <datafield tag="105" ind1=" " ind2=" ">
    <subfield code="a">y   z   |||||</subfield>
  </datafield>
  <datafield tag="200" ind1="1" ind2=" ">
    <subfield code="a">&#x41E;&#x442;&#x447;&#x435;&#x442;... &#x43F;&#x43E; &#x41A;&#x430;&#x441;&#x441;&#x435; &#x441;&#x431;&#x435;&#x440;&#x435;&#x433;&#x430;&#x442;&#x435;&#x43B;&#x44C;&#x43D;&#x43E;&#x439; &#x438; &#x432;&#x437;&#x430;&#x438;&#x43C;&#x43E;&#x43F;&#x43E;&#x43C;&#x43E;&#x449;&#x438; &#x441;&#x43B;&#x443;&#x436;&#x430;&#x449;&#x438;&#x445;... &#x41F;.&#x412;. &#x429;&#x435;&#x442;&#x438;&#x43D;&#x43A;&#x438;&#x43D;&#x430;</subfield>
  </datafield>
  <datafield tag="210" ind1=" " ind2=" ">
    <subfield code="a">&#x41A;&#x430;&#x437;&#x430;&#x43D;&#x44C;</subfield>
    <subfield code="d">1901-1917</subfield>
  </datafield>
  <datafield tag="215" ind1=" " ind2=" ">
    <subfield code="a">16 &#x442;.</subfield>
  </datafield>
  <datafield tag="300" ind1=" " ind2=" ">
    <subfield code="a">&#x412; &#x447;&#x430;&#x441;&#x442;&#x438; &#x438;&#x437;&#x434;. &#x437;&#x430;&#x433;&#x43B;.: &#x41E;&#x442;&#x447;&#x435;&#x442; &#x43F;&#x43E; &#x421;&#x431;&#x435;&#x440;&#x435;&#x433;&#x430;&#x442;&#x435;&#x43B;&#x44C;&#x43D;&#x43E;-&#x432;&#x441;&#x43F;&#x43E;&#x43C;&#x43E;&#x433;&#x430;&#x442;&#x435;&#x43B;&#x44C;&#x43D;&#x43E;&#x439; &#x43A;&#x430;&#x441;&#x441;&#x435; &#x441;&#x43B;&#x443;&#x436;&#x430;&#x449;&#x438;&#x445; &#x422;&#x43E;&#x440;&#x433;&#x43E;&#x432;&#x43E;&#x433;&#x43E; &#x434;&#x43E;&#x43C;&#x430; "&#x41F;.&#x412;. &#x429;&#x435;&#x442;&#x438;&#x43D;&#x43A;&#x438;&#x43D; &#x432; &#x41A;&#x430;&#x437;&#x430;&#x43D;&#x438;". (&#x421; &#x43D;&#x435;&#x437;&#x43D;&#x430;&#x447;&#x438;&#x442;. &#x438;&#x437;&#x43C;.)</subfield>
  </datafield>
  <datafield tag="517" ind1="0" ind2=" ">
    <subfield code="a">&#x41E;&#x442;&#x447;&#x435;&#x442; &#x43F;&#x43E; &#x421;&#x431;&#x435;&#x440;&#x435;&#x433;&#x430;&#x442;&#x435;&#x43B;&#x44C;&#x43D;&#x43E;-&#x432;&#x441;&#x43F;&#x43E;&#x43C;&#x43E;&#x433;&#x430;&#x442;&#x435;&#x43B;&#x44C;&#x43D;&#x43E;&#x439; &#x43A;&#x430;&#x441;&#x441;&#x435; &#x441;&#x43B;&#x443;&#x436;&#x430;&#x449;&#x438;&#x445; &#x422;&#x43E;&#x440;&#x433;&#x43E;&#x432;&#x43E;&#x433;&#x43E; &#x434;&#x43E;&#x43C;&#x430; "&#x41F;.&#x412;. &#x429;&#x435;&#x442;&#x438;&#x43D;&#x43A;&#x438;&#x43D; &#x432; &#x41A;&#x430;&#x437;&#x430;&#x43D;&#x438;"</subfield>
    <subfield code="e">(&#x421; &#x43D;&#x435;&#x437;&#x43D;&#x430;&#x447;&#x438;&#x442;. &#x438;&#x437;&#x43C;.)</subfield>
  </datafield>
  <datafield tag="532" ind1="1" ind2="3">
    <subfield code="a">&#x41E;&#x442;&#x447;&#x435;&#x442; &#x43F;&#x43E; &#x41A;&#x430;&#x441;&#x441;&#x435; &#x441;&#x431;&#x435;&#x440;&#x435;&#x433;&#x430;&#x442;&#x435;&#x43B;&#x44C;&#x43D;&#x43E;&#x439; &#x438; &#x432;&#x437;&#x430;&#x438;&#x43C;&#x43E;&#x43F;&#x43E;&#x43C;&#x43E;&#x449;&#x438; &#x441;&#x43B;&#x443;&#x436;&#x430;&#x449;&#x438;&#x445;... &#x41F;.&#x412;. &#x429;&#x435;&#x442;&#x438;&#x43D;&#x43A;&#x438;&#x43D;&#x430;</subfield>
  </datafield>
  <datafield tag="710" ind1="0" ind2="2">
    <subfield code="a">"&#x429;&#x435;&#x442;&#x438;&#x43D;&#x43A;&#x438;&#x43D;, &#x41F;.&#x412;.", &#x442;&#x43E;&#x440;&#x433;&#x43E;&#x432;&#x44B;&#x439; &#x434;&#x43E;&#x43C;</subfield>
    <subfield code="c">&#x41A;&#x430;&#x437;&#x430;&#x43D;&#x44C;</subfield>
    <subfield code="b">&#x421;&#x431;&#x435;&#x440;&#x435;&#x433;&#x430;&#x442;&#x435;&#x43B;&#x44C;&#x43D;&#x43E;-&#x432;&#x441;&#x43F;&#x43E;&#x43C;&#x43E;&#x433;&#x430;&#x442;&#x435;&#x43B;&#x44C;&#x43D;&#x430;&#x44F; &#x43A;&#x430;&#x441;&#x441;&#x430; &#x441;&#x43B;&#x443;&#x436;&#x430;&#x449;&#x438;&#x445;</subfield>
  </datafield>
  <datafield tag="801" ind1=" " ind2="0">
    <subfield code="a">RU</subfield>
    <subfield code="b">NLR</subfield>
    <subfield code="g">psbo</subfield>
  </datafield>
  <datafield tag="801" ind1=" " ind2="1">
    <subfield code="a">RU</subfield>
    <subfield code="b">ProSoft-M</subfield>
    <subfield code="2">rusmarc</subfield>
  </datafield>
  <datafield tag="852" ind1=" " ind2=" ">
    <subfield code="a">NLR</subfield>
    <subfield code="j">&#x428;&#x438;&#x444;&#x440;&#x44B; &#x440;&#x430;&#x437;&#x43D;&#x44B;&#x435;</subfield>
  </datafield>
  <datafield tag="942" ind1=" " ind2=" ">
    <subfield code="c">BOOK</subfield>
  </datafield>
</record>
